WWII Planes: Sudden Death - Statistics

General Stats
  • This quiz has been taken 418 times
    284 since last reset
  • The average score is 5 of 6
Answers on the Grid
Answers color-coded by a green-red scale on the quiz's grid according to % correct below.
 
Answer Stats
Answer % Correct
89%
84%
83%
80%
77%
74%
No matching quizzes found
Score Distribution
Percent of People with Each Score
Percentile by Number Answered
Your Score History
You have not taken this quiz since the last reset